| 000 | 00361nam a2200157Ia 4500 | ||
|---|---|---|---|
| 003 | OSt | ||
| 005 | 20240103160757.0 | ||
| 008 | 170523s9999 xx 000 0 und d | ||
| 020 | _a9351429172 | ||
| 040 | _ciimt university meerut | ||
| 100 | _aGHOSH- PK | ||
| 245 | 0 | _aINDUSTRIAL PSYCHOLOGY | |
| 260 | _bHIMALAYA PUBLICATION | ||
| 260 | _c1999 | ||
| 942 |
_2ddc _c02 |
||
| 999 |
_c385 _d385 |
||